000 01635nam a2200493 i 4500
001 30764
003 KOSZ 005
005 20201207142729.0
008 980702s1995 pl a f |000 0 pol
015 _aUWD 1996/6375
020 _a8370851207
035 _a991004066669705066
035 _a(PL-WaBN)b11080516-48omnis_nlop
035 _ab11080516
035 _a(OCoLC)830107599
035 _a(PL)b0000001108051
035 _a(EXLNZ-48OMNIS_NETWORK)9910019277105606
040 _aWA N
_cWA N
_dKOSZ 005/EG
041 0 _apol
_bengger
046 _k1995
080 _a728.8
080 _a903/904
080 _a(5-011)
100 1 _aNiemczyk, Ernest
_d(1941- )
_eAutor
245 1 0 _aPałace starożytnego Orientu :
_bformy, funkcje, symbole : rezydencje antyczne /
_cErnest Niemczyk.
260 _aWrocław :
_bOficyna Wydawnicza Politechniki Wrocławskiej,
_c1995.
300 _a133 s. :
_b1 mapa, pl., rys. ;
_c30 cm.
336 _aTekst
_btxt
_2rdacontent
337 _aBez urządzenia pośredniczącego
_bn
_2rdamedia
338 _aWolumin
_bnc
_2rdacarrier
380 _aKsiążki
388 _a1901-2000
388 _a1989-2000
504 _aBibliogr. s. 126-128. - Summ., Zsfssung.
650 7 _aZamki i pałace
_2DBN
650 7 _aArcheologia
_2DBN
651 7 _aBliski Wschód
658 _aArcheologia
658 _aKultura i sztuka
710 2 _aOficyna Wydawnicza Politechniki Wrocławskiej
_4pbl
856 _uhttp://koha.tu.koszalin.pl/cgi-bin/koha/opac-detail.pl?biblionumber=30764
_yKatalog online BPK
942 _2UKD
_cKS
999 _c30764
_d30764